New Developments in the Theory of the Historical Process : Polish Contributions to Non-Marxian Historical Materialism /

The first part of this book contains a selection of Leszek Nowak's (1943-2009) works on non-Marxian historical materialism, which are published here in English for the first time. In these papers, Nowak constructs a dynamic model of religious community, reconstructs historiosophical assumptions...

Full description

Saved in:

Other Authors: Brzechczyn, Krzysztof (Editor)

Format: eBook

Language: English

Published: Leiden ; Boston : Brill, 2022.

Series: Poznań Studies in the Philosophy of the Sciences and the Humanities ; 119.
Religious Studies, Theology and Philosophy E-Books Online, Collection 2022.

Subjects:

Online Access: Login to view Source

Tags: Add Tag

No Tags, Be the first to tag this record!

Call Number: B99.R92

LEADER 04773nam a22004938i 4500
001 BRILL9789004507289
003 nllekb
005 20220508163449.0
006 m d
007 cr un uuuua
008 220331s2022 ne sb 001 0 eng d
010 |a  2022004883 
020 |a 9789004507289  |q (electronic book) 
020 |a 9789004507272  |q (print) 
024 7 |a 10.1163/9789004507289  |2 DOI 
035 |z (OCoLC)1288319828 
040 |a NL-LeKB  |c NL-LeKB  |e rda 
050 4 |a B99.R92 
072 7 |a HPS  |2 bicssc 
072 7 |a PHI  |x 019000  |2 bisacsh 
072 7 |a SOC  |x 000000  |2 bisacsh 
082 0 4 |a 109  |2 23 
245 0 0 |a New Developments in the Theory of the Historical Process :  |b Polish Contributions to Non-Marxian Historical Materialism /  |c edited by Krzysztof Brzechczyn. 
246 3 |a Polish Contributions to Non-Marxian Historical Materialism 
264 1 |a Leiden ;  |a Boston :  |b Brill,  |c 2022. 
300 |a 1 online resource. 
336 |a text  |b txt  |2 rdacontent 
337 |a computer  |b c  |2 rdamedia 
338 |a online resource  |2 rdacarrier 
490 1 |a Poznań Studies in the Philosophy of the Sciences and the Humanities ;  |v 119 
490 1 |a Religious Studies, Theology and Philosophy E-Books Online, Collection 2022 
504 |a Includes bibliographical references and index. 
505 0 0 |t On Leszek Nowak's Theory of the Historical Process: Preface --  |t Krzysztof Brzechczyn --  |t List of Tables and Figures --  |t Notes on Contributors --  |t part 1 --  |t Leszek Nowak on Non-Marxian Historical Materialism --  |t 1 Religion as a Class Structure: A Contribution to Non-Marxian Historical Materialism /  |r Leszek Nowak --  |t 2 The Truth Unbearable for All /  |r Leszek Nowak --  |t 3 Hegel and Liberalism: On the Issue of the Nature of Historiosophy /  |r Leszek Nowak --  |t 4 The Problem of the So-called Social Transformation /  |r Leszek Nowak --  |t 5 The End of History or Its Repetition? /  |r Leszek Nowak --  |t 6 Marxism versus Liberalism: A Certain Paradox /  |r Leszek Nowak --  |t 7 The On-the-verge Effect in a Historical Process: An Attempt at an Interpretation in the Light of Non-Marxian Historical Materialism /  |r Leszek Nowak --  |t 8 Hegel's Chuckle, That is, Marxism and Liberalism in Polish Politics /  |r Leszek Nowak --  |t 9 On the Prediction of the Totalitarization of Capitalism: An Attempt at an Evaluation after Twenty Years Later /  |r Leszek Nowak --  |t part 2 --  |t On Totalitarization of Capitalism, Democratization of Real Socialism and Development of Non-European Societies --  |t 10 The Problem of Totalitarization of the Capitalist Society /  |r Tomasz Zar ę bski --  |t 11 The Problem of the Accumulation of Class Divisions in Contemporary Capitalism: An Attempt at a Theoretical Analysis /  |r Mieszko Ciesielski --  |t 12 How Does Democracy Evolve in Autocracy? /  |r Tomasz Banaszak --  |t 13 On Coalitions and Party Splintering: A Contribution to the Theory of Power in Non-Marxian Historical Materialism /  |r Marcin Po ł aty ń ski --  |t 14 On Two Types of Democratization: Poland and Czechoslovakia: An Attempt at Theoretical Analysis /  |r Lidia Godek --  |t 15 The Social Structure of the Ottoman Society: An Attempt at a Theoretical Analysis /  |r Eliza Karczy ń ska --  |t 16 The Dynamics of Power in Postwar China: An Attempt at a Theoretical Analysis /  |r Dawid Rogacz --  |t Name Index --  |t Subject Index. 
520 |a The first part of this book contains a selection of Leszek Nowak's (1943-2009) works on non-Marxian historical materialism, which are published here in English for the first time. In these papers, Nowak constructs a dynamic model of religious community, reconstructs historiosophical assumptions of liberalism and considers the methodological status of prognosis of totalitarization of capitalist society. In the second part of the book, new contributions to non-Marxian historical materialism are presented. Their authors analyze mechanisms of the oligarchization of liberal democracy, the democratization of real socialism, and the development of early modern Ottoman and post-war Chinese societies. 
588 |a Description based on print version record. 
650 0 |a Historical materialism. 
700 1 |a Brzechczyn, Krzysztof,  |e editor. 
776 0 8 |i Print version:  |t New Developments in the Theory of the Historical Process : Polish Contributions to Non-Marxian Historical Materialism.  |d Leiden ; Boston : Brill, 2022  |z 9789004507272  |w (DLC) 2022004882 
830 0 |a Poznań Studies in the Philosophy of the Sciences and the Humanities ;  |v 119. 
830 0 |a Religious Studies, Theology and Philosophy E-Books Online, Collection 2022. 
856 4 |z DOI:   |u http://dx.doi.org/10.1163/9789004507289 
942 |2 lcc  |c EBOOK 
952 |0 0  |1 0  |2 lcc  |4 0  |7 1  |9 39966  |a BRILL  |b BRILL  |d 2022-05-08  |l 0  |r 2022-05-08 00:00:00  |w 2022-05-08  |y EBOOK 
999 |c 47268  |d 47268